书目信息 |
| 题名: |
当代研究生英语
|
|
| 作者: | 吴树敬 主编 | |
| 分册: | 上册 | |
| 出版信息: | 北京 外语教学与研究出版社 2001 |
|
| 页数: | 112页 | |
| 开本: | 26cm | |
| 丛书名: | ||
| 单 册: | ||
| 中图分类: | H31 | |
| 科图分类: | 41.68 | |
| 主题词: | 英语--研究生--自学参考资料 | |
| 电子资源: | ||
| ISBN: | 7-5600-2425-4 | |
| 000 | 00718nam0 2200241 45 | |
| 001 | 0198014028 | |
| 005 | 20070608083322.71 | |
| 010 | @a7-5600-2425-4@dCNY8.90 | |
| 100 | @a19980311d2001 em y0chiy0121 ea | |
| 101 | 0 | @achi@aeng |
| 102 | @aCN@b110000 | |
| 105 | @ay z 000yy | |
| 200 | 10 | @a当代研究生英语@Adang dai yan jiu sheng ying yu@e读写教程@h上册@f吴树敬主编@Fwu shu jing zhu bian |
| 210 | @a北京@c外语教学与研究出版社@d2001 | |
| 215 | @a112页@d26cm | |
| 300 | @a教师用书 | |
| 517 | 1 | @a读写教程@Adu xie jiao cheng |
| 606 | @a英语@x研究生@x自学参考资料 | |
| 690 | @aH31@v3 | |
| 692 | @a41.68@v2 | |
| 701 | 0 | @a吴树敬@Awu shu jing@4主编 |
| 801 | 0 | @aCN@bTSSF@c20070608 |
| 905 | @a10447@dH31@e1042:1(1) | |
| 当代研究生英语:读写教程.上册/吴树敬主编.-北京:外语教学与研究出版社,2001 |
| 112页;26cm |
| 教师用书 |
| ISBN 7-5600-2425-4:CNY8.90 |
| ● |
| 相关链接 |
|
|
|
|
正题名:当代研究生英语
索取号:H31/1042:1(1)
 
预约/预借
| 序号 | 登录号 | 条形码 | 馆藏地/架位号 | 状态 | 备注 |
| 1 | 0409125 | 204091259 | 第二样本阅览室/ [索取号:H31/1042:1(1)] | 在馆 | |
| 2 | 0409126 | 204091268 | 密集书库/ [索取号:H31/1042:1(1)] | 在馆 | |
| 3 | 0409127 | 204091277 | 密集书库/ [索取号:H31/1042:1(1)] | 在馆 | |
| 4 | 0409128 | 204091286 | 密集书库/ [索取号:H31/1042:1(1)] | 在馆 | |
| 5 | 0409129 | 204091295 | 密集书库/ [索取号:H31/1042:1(1)] | 在馆 | |
| 6 | 0409130 | 204091302 | 密集书库/ [索取号:H31/1042:1(1)] | 在馆 | |
| 7 | 0409131 | 204091311 | 密集书库/ [索取号:H31/1042:1(1)] | 在馆 | |
| 8 | 0409132 | 204091320 | 密集书库/ [索取号:H31/1042:1(1)] | 在馆 | |
| 9 | 0516061 | 205160617 | 密集书库/ [索取号:H31/1042:1(1)] | 在馆 | |
| 10 | 0516062 | 205160626 | 密集书库/ [索取号:H31/1042:1(1)] | 在馆 |